| 000 | 00445nam a2200181Ia 4500 | ||
|---|---|---|---|
| 008 | 170705s9999 xx 000 0 und d | ||
| 020 | _a9781416984498 | ||
| 245 | 4 | _aThe monstrumologist : | |
| 245 | _bWilliam James Henry / | ||
| 245 | _cRick Yancey. | ||
| 260 | _aNew York : | ||
| 260 | _bSimon & Schuster Paperbacks, | ||
| 260 | _c2009 | ||
| 300 | _a434 pages : | ||
| 300 | _bcolor illustration ; | ||
| 300 | _c21cm. | ||
| 500 | _a990 | ||
| 999 |
_c336706 _d336706 |
||